00640nam a22001697a 450000500170000001000130001702000260003003500110005603700130006708200110008010000300009124501200012124600810024126000520032227000720037430000240044620190805113623.0 aUR-10339 c150.00a9789388356251 aU-8894 bDBAD/PUB a841.08 aفر ز ا نہ بيگم  aر ا سخ عظيم آ با د ی کی شا عر ی ميں تصو ف کے عنا صر cفر ز ا نہ بيگم  bRasikh Azimabadi ki Shaeri Mein Tasawwuf Ke Anasir (Urdu)aby Farzana Begum aDelhibEducational Publishing House c2018 ء  a3191,Vakil Sreet Kucha Pandit Lal Kuan bDelhie110006k23216162l- a112+8 صc22 Cm(Hb)